=LDR 00000nam 2200000 4500 =001 INLIS000000000036709 =005 20130612142459 =008 ***********************************Ind** =035 ##$$0010-061300000036709 =041 ##$$a Ind =082 ##$$a 373.3 =090 ##$$a 373.3, Rac r =100 ##$$a Rachmat =245 ##$$a RPSL, ringkasan pengetahuan sosial lengkap untuk SD dan MI terbaru dan terlengkap, Racmat =260 ##$$a 2009 $b Jakarta =300 ##$$a iii, 548 hlm, ilus, 21 cm =650 ##$$a Pendidikan dasar-IPS =850 ##$$a NBPNMAT